000 00518nam a2200181 i 4500
001 62816
003 ES-MaACL
005 20230906164732.0
007 t|
008 031126s1965 sp ||||1| spa d
100 1 _aFernández de Castro, Carlos.
_949638
245 1 0 _aPaisaje y cantos /
_cCarlos Fernández de Castro.
260 _aMadrid :
_bAgora,
_c[1965]
300 _a64 p. ;
_c21 cm.
852 _aES-MaACL
_jC-29872
_bR.60318
852 _aES-MaACL
_jC-27817
_bR.56650
852 _aES-MaACL
_jC-29875
_bR.60319
999 _c62816
_d62816